Как устроен и работает дизель

গ্রন্থ-পঞ্জীর বিবরন
প্রধান লেখক: Куров Б. А. Борис Алексеевич
ভাষা:রুশ
প্রকাশিত: Москва, Воениздат, 1955
বিষয়গুলি:
বিন্যাস: গ্রন্থ
KOHA link:https://koha.lib.tpu.ru/cgi-bin/koha/opac-detail.pl?biblionumber=372673

MARC

LEADER 00000nam0a2200000 4500
001 372673
005 20231102012510.0
035 |a (RuTPU)RU\TPU\retro\30098 
035 |a RU\TPU\book\222597 
090 |a 372673 
100 |a 20221215d1955 m y0rusy50 ca 
101 0 |a rus 
102 |a RU 
105 |a a z 000zy 
200 1 |a Как устроен и работает дизель  |f Б. А. Куров 
210 |a Москва  |c Воениздат  |d 1955 
215 |a 144 с.  |c ил. 
606 1 |a Двигатели внутреннего сгорания  |2 stltpush  |3 (RuTPU)RU\TPU\subj\4895  |9 33080 
610 1 |a дизели 
610 1 |a устройство 
610 1 |a работа 
610 1 |a смазка 
610 1 |a применение 
610 1 |a рабочий процесс 
610 1 |a топливо 
610 1 |a реакторы 
675 |a 621.43  |v 3 
700 1 |a Куров  |b Б. А.  |g Борис Алексеевич 
801 1 |a RU  |b 63413507  |c 20111121 
801 2 |a RU  |b 63413507  |c 20221215  |g RCR 
942 |c BK